Két vízözön között
Elmentve itt :
| Szerző: | |
|---|---|
| Adatforrás: | Meister |
| Forrásdokumentuma: | A Hét. - 34 sz., 1997, 12 p. |
| Nyelv: | magyar |
| Kulcsszavak: | politikai publicisztika németek Németország |
| LEADER | 00374nab a2200145 i 4500 | ||
|---|---|---|---|
| 001 | bibPRO00007187 | ||
| 008 | 060524s1997 xx hun | ||
| 040 | |a Sz1 | ||
| 041 | |a hun | ||
| 100 | 1 | |a SZÁSZ János | |
| 245 | 1 | 0 | |a Két vízözön között |c SZÁSZ János |
| 695 | |a politikai publicisztika | ||
| 695 | |a németek | ||
| 695 | |a Németország | ||
| 773 | 0 | |t A Hét. - |g 34 sz., 1997, 12 p. | |